Language Quiz

Random Language or French Quiz

French Past Participles Quiz Stats

 Plays Quiz Updated Oct 22, 2018

Support Sporcle.
Go Orange.
Score 0/70 Timer 10:00
0 Plays Today
Infinitive Past Participle % Correct
boirebu
88.4%
fairefait
87.1%
dormirdormi
83.9%
diredit
83.2%
voirvu
83.1%
écrireécrit
82.8%
lirelu
81.8%
rireri
81.4%
sortirsorti
79.8%
savoirsu
78.5%
devenirdevenu
77.6%
connaîtreconnu
76.1%
croirecru
75.7%
devoir
75.4%
venirvenu
75.1%
pouvoirpu
75%
servirservi
74.7%
sentirsenti
74.3%
mettremis
73.8%
appelerappelé
73.3%
battrebattu
73.2%
comprendrecompris
72.9%
naître
72.8%
tenirtenu
72.2%
jeterjeté
72.1%
obtenirobtenu
72%
vouloirvoulu
71.7%
mourirmort
71.1%
conduireconduit
70.9%
apprendreappris
70.5%
reconnaîtrereconnu
70.3%
plaireplu
68.8%
pleuvoirplu
68.8%
courircouru
68.2%
intervenirintervenu
67.8%
Infinitive Past Participle % Correct
falloirfallu
67.1%
promettrepromis
66%
conclureconclu
66%
permettrepermis
65.6%
recevoirreçu
65.4%
fuirfui
65%
construireconstruit
63.7%
valoirvalu
63.4%
ouvrirouvert
63.3%
disparaîtredisparu
61.2%
cuirecuit
58.5%
détruiredétruit
57.6%
apercevoiraperçu
57.1%
apparaîtreapparu
57.1%
convaincreconvaincu
56.3%
offriroffert
55.9%
découvrirdécouvert
55.3%
suivresuivi
53%
couvrircouvert
52.9%
vaincrevaincu
51.9%
paraîtreparu
51.9%
souffrirsouffert
49.1%
asseoirassis
49.1%
joindrejoint
48%
se souvenirsouvenu
47.2%
peindrepeint
46.8%
craindrecraint
45.9%
plaindreplaint
44.2%
atteindreatteint
43.3%
se tairetu
40.6%
vivrevécu
39.7%
acquériracquis
36.2%
émouvoirému
36.2%
résoudrerésolu
25%
coudrecousu
18.4%

You're not logged in!

Compare scores with friends on all Sporcle quizzes.
OR
Log In

From the Vault

Songs About Waiting

by beisaa

Musicians are always late.
Remove Ads.
Support Sporcle.
Get the best of Sporcle when you Go Orange. This ad-free experience offers more features, more stats, and more fun while also helping to support Sporcle. Thank you for becoming a member.

Show Comments

Extras

Top Quizzes Today


Score Distribution

Your Account Isn't Verified!

In order to create a playlist on Sporcle, you need to verify the email address you used during registration. Go to your Sporcle Settings to finish the process.

Report this User

Report this user for behavior that violates our Community Guidelines.

Details: